000
00275nam a2200097Ia 4500
082
_a
EKF DORM
245
0
_a
Okomi and the tickling game
100
_a
DORMAN, Helen Nevada City, Calif., 2003 1st ed
_9
94518
942
_c
BK
008
210817s9999 xx 000 0 und d
999
_c
395904
_d
395903